Leopoldo Lugones, un Criollo

Spremljeno u:
Bibliografski detalji
Glavni autor: Bello, Francisco R.
Format: Knjiga
Jezik:Undetermined
Izdano: San José, Costa Rica Instituto Cultural Costarricense-Argentino 1967
Teme:
Oznake: Dodaj oznaku
Bez oznaka, Budi prvi tko označuje ovaj zapis!

MARC

LEADER 00000nam a2200000Ia 4500
008 170316s9999 xx 000 0 und d
999 |c 8399  |d 8399 
040 |a cru BVZT 
090 |a 860 B-22b 
100 |a Bello, Francisco R. 
245 |a Leopoldo Lugones, un Criollo  |c / Francisco R. Bello. 
260 |a San José, Costa Rica  |b Instituto Cultural Costarricense-Argentino  |c 1967 
300 |a 28 páginas 
650 |a LITERATURA LATINOAMERICANA  |9 15 
942 |c 15 D  |h 860 B-22b  |2 z